| 000 | 00681cam a22002173a 4500 | ||
|---|---|---|---|
| 001 | 14011 | ||
| 003 | PGUSA | ||
| 005 | 20140828083312.0 | ||
| 008 | 041110s2004||||xxu|||||s|||||000 | eng d | ||
| 040 |
_aPGUSA _beng |
||
| 042 | _adc | ||
| 050 | 4 | _aAP | |
| 245 | 1 | 4 |
_aThe Mirror of Literature, Amusement, and Instruction : _bVolume 14, No. 389, September 12, 1829 _h[electronic resource] / _cVarious |
| 260 |
_bProject Gutenberg, _c2004 |
||
| 506 | _aPublic domain in the USA. | ||
| 516 | _aElectronic text | ||
| 653 | _aPopular literature -- Great Britain -- Periodicals | ||
| 830 | 0 |
_aProject Gutenberg _v14011 |
|
| 856 | 4 | 0 | _uhttp://www.gutenberg.org/ebooks/14011 |
| 942 | _cEB | ||
| 999 |
_c243266 _d243266 |
||